| 000 | 00874nam0a22002531 4500 | ||
|---|---|---|---|
| 001 | rc\928919 | ||
| 005 | 20250622044913.0 | ||
| 035 | _a(NLR Aleph) 006102377 | ||
| 090 |
_a5272556 _c5272556 |
||
| 100 | _a20041129d1982 |||y0rusy50 ca | ||
| 101 | 0 | _arus | |
| 102 | _aRU | ||
| 105 | _ay ||||||||| | ||
| 200 | 1 |
_aВече славянских баллад _eСтихи _eПер. с белорус. _fЯнка Сипаков _g[Худож. Д. Мухин] |
|
| 210 |
_aМ. _cСов. писатель _d1982 |
||
| 215 |
_a127 с. _d16 |
||
| 300 | _aВ вып. дан. авт.: Янка Сипаков (Иван Данилович Сипаков) | ||
| 700 | 1 |
_7ca _8rus _aСипаков _bЯ. _f1936-2011 _gЯнка _9239718 _3RU\NLR\AUTH\770239774 |
|
| 801 | 0 |
_aRU _bNLR _gpsbo |
|
| 801 | 1 |
_aRU _bELAR _2rusmarc |
|
| 852 |
_aNLR _j83-2/569 |
||
| 942 | _cBOOK | ||
| 980 | _aNB | ||